000 00438nam a2200193Ia 4500
005 20240823023148.0
008 240823s9999||||xx |||||||||||||| ||und||
020 _a978-87-7989-759-5
041 _aENGLISH
082 _A299.936 P7
100 _a"Hubbard,Ron L"
245 0 _aScientology Ethics
250 _a1st
260 _c2007
_b"New Era ,De"
500 _aYES
650 _aEthics
_bGeneral
942 _cBK
999 _c180888
_d180888